| 000 | 00767pam a2200289 a 4500 | ||
|---|---|---|---|
| 001 | 2824355 | ||
| 003 | OSt | ||
| 005 | 20140310184526.0 | ||
| 008 | 831107s1984 nyu j 000 1 eng | ||
| 010 | _a 83022447 | ||
| 020 |
_a0590440985 _c$9.95 |
||
| 040 |
_aDLC _cDLC _dDLC |
||
| 042 | _alcac | ||
| 050 | 0 | 0 |
_aPZ 7 _b.P2843Tr 1984 |
| 100 | 1 |
_aPaulsen, Gary. _95626 |
|
| 245 | 1 | 0 |
_aTracker / _cGary Paulsen. |
| 260 |
_aScarsdale, N.Y. : _bBradbury Press, _c1984. |
||
| 300 |
_a90 p. ; _c22 cm. |
||
| 521 | _aG9 | ||
| 526 | _c1010 | ||
| 650 | 1 |
_aHunting _vFiction. _930291 |
|
| 650 | 1 |
_aDeer _vFiction. _930292 |
|
| 651 | 1 |
_aMinnesota _vFiction. _930293 |
|
| 906 |
_a7 _bcbc _corignew _d1 _eocip _f19 _gy-gencatlg |
||
| 942 |
_2lcc _cBK-SCHOLAS |
||
| 999 |
_c35142 _d35142 |
||